000 00682nam a22002177a 4500
003 UA-OsUOA
001 37562
007 ta
008 20060329b un ||||| |||| 00| 0 ukr d
100 _aКорнійчук О.
090 _a908
_bК11
942 _cSA
040 _aUA-OsUOA
_bukr
_cUA-OsUOA
_dUA-OsUOA
245 _aЧи стануть політики моральними?/ Міжнародна наукова конференція у Національному університеті "Острозька академія"
300 _aС.3
955 _a0
041 _aukr
080 _a908
773 0 _w37561
650 7 _a908 Краєзнавство
_2UDC
999 _c323740
_d323740